Van Gogh in Arles / (Record no. 18632)

000 -LEADER
fixed length control field 01139cam a2200313 a 4500
001 - CONTROL NUMBER
control field 11920559
005 - DATE AND TIME OF LATEST TRANSACTION
control field 20170113121010.0
008 - FIXED-LENGTH DATA ELEMENTS--GENERAL INFORMATION
fixed length control field 000224s1999 gw 000 0 eng d
010 ## - LIBRARY OF CONGRESS CONTROL NUMBER
LC control number 00265312
020 ## - INTERNATIONAL STANDARD BOOK NUMBER
International Standard Book Number 3791322303 (pbk.)
020 ## - INTERNATIONAL STANDARD BOOK NUMBER
International Standard Book Number 379131484X (hardback)
035 ## - SYSTEM CONTROL NUMBER
System control number (OCoLC)ocm43268244
040 ## - CATALOGING SOURCE
Original cataloging agency CGU
Transcribing agency CGU
Modifying agency DLC
041 1# - LANGUAGE CODE
Language code of text/sound track or separate title eng
Language code of original ger
042 ## - AUTHENTICATION CODE
Authentication code lccopycat
050 00 - LIBRARY OF CONGRESS CALL NUMBER
Classification number ND653
Item number .G7N3713 1999
100 1# - MAIN ENTRY--PERSONAL NAME
Personal name Nemeczek, Alfred.
240 10 - UNIFORM TITLE
Uniform title <a href="Van Gogh, das Drama von Arles.">Van Gogh, das Drama von Arles.</a>
Language of a work English
245 10 - TITLE STATEMENT
Title Van Gogh in Arles /
Statement of responsibility, etc. Alfred Nemeczek.
260 ## - PUBLICATION, DISTRIBUTION, ETC. (IMPRINT)
Place of publication, distribution, etc. Munich ;
-- New York :
Name of publisher, distributor, etc. Prestel,
Date of publication, distribution, etc. c1999.
300 ## - PHYSICAL DESCRIPTION
Extent 128 p. :
Other physical details col. ill. ;
Dimensions 24 cm.
440 #0 - SERIES STATEMENT/ADDED ENTRY--TITLE
Title Pegasus library
600 10 - SUBJECT ADDED ENTRY--PERSONAL NAME
Personal name Gogh, Vincent van,
Dates associated with a name 1853-1890
General subdivision Homes and haunts
Geographic subdivision France
-- Arles.
700 1# - ADDED ENTRY--PERSONAL NAME
Personal name Gogh, Vincent van,
Dates associated with a name 1853-1890.
942 ## - ADDED ENTRY ELEMENTS (KOHA)
Source of classification or shelving scheme
Koha item type Hard Covered Materials
Classification part ND653 .G7N3713 1999
Holdings
Withdrawn status Lost status Source of classification or shelving scheme Damaged status Not for loan Home library Current library Shelving location Date acquired Source of acquisition Total Checkouts Full call number Barcode Date last seen Price effective from Koha item type
          MACHAKOS UNIVERSITY LIBRARY MACHAKOS UNIVERSITY LIBRARY Technical section 13/01/2017 Donation(BFA)   ND653 .G7N3713 1999 29380 31/05/2018 13/01/2017 Hard Covered Materials
© Machakos University Library, Along The Highway, Machakos Wote Rd, Machakos, Kenya P.O. Box 136 - 90100 Machakos - Kenya

Tel: ( +254 ) 723 805829 OR Fax : 044-20353 OR Email: library@mksu.ac.ke